Begonia Haniffii, a small tuberous species of the island of Langkawi (Record no. 27356)

MARC details
000 -LEADER
fixed length control field 00737nam a2200241 i 4500
001 - CONTROL NUMBER
control field C2-0110587
003 - CONTROL NUMBER IDENTIFIER
control field PPAK
005 - DATE AND TIME OF LATEST TRANSACTION
control field 20180727103055.0
008 - FIXED-LENGTH DATA ELEMENTS--GENERAL INFORMATION
fixed length control field 970623s xx |||| ||||| | may d
040 ## - CATALOGING SOURCE
Original cataloging agency PPAK
Language of cataloging eng
Transcribing agency PPAK
Description conventions rda
082 04 - DEWEY DECIMAL CLASSIFICATION NUMBER
Classification number 581.9595112
Edition number 23
090 00 - LOCALLY ASSIGNED LC-TYPE CALL NUMBER (OCLC); LOCAL CALL NUMBER (RLIN)
Classification number (OCLC) (R) ; Classification number, CALL (RLIN) (NR) 581.9595112
Feature heading BUR
Feature heading KK
100 1# - MAIN ENTRY--PERSONAL NAME
Personal name Burkill, I.H.,
Relator term author
245 10 - TITLE STATEMENT
Title Begonia Haniffii, a small tuberous species of the island of Langkawi
264 #1 - PRODUCTION, PUBLICATION, DISTRIBUTION, MANUFACTURE, AND COPYRIGHT NOTICE
Place of production, publication, distribution, manufacture [place of publication not identified] :
Name of producer, publisher, distributor, manufacturer MBRAS ,
Date of production, publication, distribution, manufacture, or copyright notice [date of publication not identified]
300 ## - PHYSICAL DESCRIPTION
Extent 103 - 104 pages ;
Dimensions 30 cm
336 ## - CONTENT TYPE
Source rdacontent
Content type term text
337 ## - MEDIA TYPE
Source rdamedia
Media type term unmediated
338 ## - CARRIER TYPE
Source rdacarrier
Carrier type term volume
500 ## - GENERAL NOTE
General note JMBRAS : No. 79
650 10 - SUBJECT ADDED ENTRY--TOPICAL TERM
Topical term or geographic name entry element Plants
942 ## - ADDED ENTRY ELEMENTS (KOHA)
-- dc
Koha item type Book
Holdings
Withdrawn Not for loan Current library Shelving location Date acquired Full call number Barcode Date last seen Koha item type
  Not For Loan Perpustakaan Alor Setar Koleksi Kedah 19/01/1998 KK 581.9595112 BUR A00151281 08/05/2018 Book
  Not For Loan Perpustakaan Alor Setar Koleksi Kedah 19/01/1998 KK 581.9595112 BUR A00151283 08/05/2018 Book
  Not For Loan Perpustakaan Alor Setar Koleksi Kedah 19/01/1998 KK 581.9595112 BUR A00151284 08/05/2018 Book
  Not For Loan Perpustakaan Merbok Koleksi Kedah 19/01/1998 KK 581.9595112 BUR A00151282 08/05/2018 Book